Az SZTE földrajzi és földtani tanszékcsoport eredményei a ZENFE programban

Elmentve itt :
Bibliográfiai részletek
Szerző: Rakonczai János
Dokumentumtípus: Cikk
Megjelent: SZTE TTIK Földrajzi és Földtani Tanszékcsoport Szeged 2015
Sorozat:Tovább egy zöldebb úton: A Szegedi Tudományegyetem Földrajzi és Földtani Tanszékcsoport részvétele a ZENFE programban (2013-2015)
Kulcsszavak:Környezetvédelem, Energiaforrások - környezetvédelem
Tárgyszavak:
Online Access:http://acta.bibl.u-szeged.hu/64656
LEADER 00966nab a2200205 i 4500
001 acta64656
005 20260105093449.0
008 200224s2015 hu o 000 hun d
020 |a 978-963-306-361-3 
040 |a SZTE Egyetemi Kiadványok Repozitórium  |b hun 
041 |a hun 
100 1 |a Rakonczai János 
245 1 3 |a Az SZTE földrajzi és földtani tanszékcsoport eredményei a ZENFE programban  |h [elektronikus dokumentum] /  |c  Rakonczai János 
260 |a SZTE TTIK Földrajzi és Földtani Tanszékcsoport  |b Szeged  |c 2015 
300 |a 15-26 
490 0 |a Tovább egy zöldebb úton: A Szegedi Tudományegyetem Földrajzi és Földtani Tanszékcsoport részvétele a ZENFE programban (2013-2015) 
650 4 |a Természettudományok 
650 4 |a Föld- és kapcsolódó környezettudományok 
695 |a Környezetvédelem, Energiaforrások - környezetvédelem 
856 4 0 |u http://acta.bibl.u-szeged.hu/64656/1/tovabb_egy_zoldebb_uton_015-026.pdf  |z Dokumentum-elérés